000 00919nam a2200253Ia 4500
003 OSt
005 20220923211103.0
006 a|||||r|||| 00| 0
007 ta
008 220922b |||||||| |||| 00| 0 hin d
020 _a8179170225 (hbk)
_c425
024 _a245,885
037 _b379, 11/02/2011, Swaraj Prakashan
_cTextual
040 _aARTS
_cARTS
_bhin
041 _2hin
_ahin
082 _aVv, 152P3
100 _aमारविक, आर्थर; वर्मा, लालबहादुर
_9158048
245 0 _aइतिहास का स्वरूप
246 _aItihās kā svarūpa
260 _aदिल्ली
_b ग्रंथ शिल्पी
_c2003
300 _a254पृ.
_ccm.
942 _hVv, 152P3
_cTEXL
_2CC
999 _c295050
_d295050